Statistics for Portuguese Bug and Insect Vocabulary

Click here to take the quiz!

General Stats

  • This quiz has been taken 68 times
  • The average score is 8 of 11

Answer Stats

Hint Answer % Correct
spideraranha
98%
butterflyborboleta
89%
flymosca
89%
buginseto
87%
ladybugjoaninha
72%
wormminhoca
70%
snailcaracol
68%
centipedecentopéia
57%
beetlebesouro
49%
sluglesma
47%

Score Distribution

Percentile by Number Answered

Percent of People with Each Score

Your Score History

You have not taken this quiz